Possible Chess Positions - Sudden Checkmate - Statistics

General Stats
  • This quiz has been taken 49 times
  • The average score is 6 of 9
Answers on the Grid
Answers color-coded by a green-red scale on the quiz's grid according to % correct below.
 
Answer Stats
Answer % Correct
95%
88%
83%
63%
60%
53%
48%
45%
43%
No matching quizzes found
Score Distribution
Percent of People with Each Score
Percentile by Number Answered
Your Score History
You have not taken this quiz